000 00417nam a2200181Ia 4500
001 23028
005 20260414150910.0
008 260414t2017||||xx |||||||||||||| ||spa||
041 _aESP
082 _a624.177
_bR32
100 _aReboredo, Agustín
_eAUT
245 0 _aDiseño estructural
_b
260 _c2017
300 _a341 páginas :
_c28 cm.
650 _a0
654 _aCIC
942 _cLIB
_dJUS
_fJUS
_2ddc
_n
999 _c23028
_d23028